000 00698nam a22002057a 4500
003 UA-OsUOA
001 43907
007 ta
008 20091126b un ||||| |||| 00| 0 ukr d
090 _a050
_bС62
942 _cMG
040 _aUA-OsUOA
_bukr
_cUA-OsUOA
_dUA-OsUOA
245 _aСоняшний промінь
_bСерпень 2005, №13
955 _a4
041 _aukr
080 _a050
246 3 1 _aВісник Суспільної Служби Українців Канади
650 7 _a050 Серійні публікації. Періодика галузі, Організація та інші типи поєднання (співробітництва)
_2UDC
999 _c423772
_d423772